01674 2200373 4500001002100000005001500021035002000036007000300056008004100059082001000100084001900110100003200129245017900161250003000340300004300370650002300413650002200436700002100458700002600479700003500505700004200540700004600582700003200628520036500660264010801025336002101133337003001154338002301184504002901207990001601236990001601252990001601268990001601284INLIS00000000116561720250715012604 a0010-0725000055ta250715 g | ind  a628.4 aSR 628.4 WIR b0 aWiratni Budhijantoepenulis1 aBijak mengelola sampah /cWiratni Budhijanto, Iswanto, Sri Sulastri, Aufaisma Afifah Putri, Anastasia Yuniarti Wadhas W., Bulan Lestari Yasinta Simatupang, Dianisti Saraswati aCetakan pertama, Mei 2025 axvi, 332 halaman :bilustrasi ;c21 cm 4aSampah, Pembuangan 4aSampah, Teknologi0 aIswantoepenulis0 aSri Sulastriepenulis0 aAufaisma Afifah Putriepenulis0 aAnastasia Yuniarti Wadhas W.epenulis0 aBulan Lestari Yasinta Simatupangepenulis0 aDianisti Saraswatiepenulis aBuku ini merupakan karya kolaborasi segenap masyarakat Yogyakarta dan sekitarnya yang menyoroti pentingnya kepedulian terhadap lingkungan. Isi buku ini menggambarkan berbagai perspektif unik segala lapisan masyarakat tentang permasalahan sampah, mulai dari pemilahan di rumah, pengolahan sampah organik, hingga inovasi kreatif dalam mendaur ulang barang bekas. aBantul :bAzyan Mitra Media bekerja sama dengan Dinas Perpustakaan dan Kearsipan Kota Yogyakarta,c2025 2rdacontentaTeks 2rdamediaaTanpa perantara 2rdacarrieraVolume aBibliografi halaman: 308 a55937.68757 a55938.68758 a55938.68758 a55937.68757